00513nam a22001697a 450000500170000001000150001702000260003203500140005803700140007208200130008610000140009924500840011326000500019727000490024730000310029670000160032720180515140302.0 aENG-123019 a9788131515938c399.00 aEN-106551 bDBAD/PUB. a004.0151 aSantha S. aMathematical foundation for computer science /cby S. Santha [and] E.V. Prasad aDelhibCengage Learning India Pvt. Ltd.c2017 a418, F.I.E.PatparganjbDelhie110092 (India) aix, 495p.c25cm(pbk)bill. aE.V. Prasad